قضايا التنمية العربية / (Record no. 7700)

MARC details
000 -LEADER
fixed length control field 00687nam a22002177a 4500
005 - DATE AND TIME OF LATEST TRANSACTION
control field 20251108164246.0
008 - FIXED-LENGTH DATA ELEMENTS--GENERAL INFORMATION
fixed length control field 250721s1994 xx 000 0 ara d
082 14 - DEWEY DECIMAL CLASSIFICATION NUMBER
Classification number 338.956/محم
100 1# - MAIN ENTRY--PERSONAL NAME
Personal name صقور، محمد
245 10 - TITLE STATEMENT
Title قضايا التنمية العربية /
264 1# - PRODUCTION, PUBLICATION, DISTRIBUTION, MANUFACTURE, AND COPYRIGHT NOTICE
Place of production, publication, distribution, manufacture عمان :
Name of producer, publisher, distributor, manufacturer دار الفكر للنشر و التوزيع،
Date of production, publication, distribution, manufacture, or copyright notice 1994.
300 ## - PHYSICAL DESCRIPTION
Extent 152ص
650 17 - SUBJECT ADDED ENTRY--TOPICAL TERM
Topical term or geographic name as entry element البلدان العربية
650 17 - SUBJECT ADDED ENTRY--TOPICAL TERM
Topical term or geographic name as entry element الإقتصاد
650 17 - SUBJECT ADDED ENTRY--TOPICAL TERM
Topical term or geographic name as entry element التخطيط الإقتصادي
650 17 - SUBJECT ADDED ENTRY--TOPICAL TERM
Topical term or geographic name as entry element السياسة الإقتصادية
700 1# - ADDED ENTRY--PERSONAL NAME
Personal name هندي، صالح ذياب
700 1# - ADDED ENTRY--PERSONAL NAME
Personal name الشناوي، رجب علي
942 ## - ADDED ENTRY ELEMENTS (KOHA)
Source of classification or shelving scheme Dewey Decimal Classification
Koha item type Books
Holdings
حالة السحب حالة الفقدان مصدر التصنيف حالة التلف غير قابل للإعارة المكتبة الرئيسية المكتبة الحالية موقع الرف تاريخ التزويد الرقم المتسلسل Total Checkouts رقم الإستدعاء تاريخ آخر ظهور تاريخ الفاتورة نوع المادة (كوها) الباركود
    Dewey Decimal Classification Unchecked   مكتبة الأميرة ايمان العامة مكتبة الأميرة ايمان العامة الإعارة 12/07/2004 645380275   338.956/محم 28/07/2025 12/07/2004 Books  
    Dewey Decimal Classification Unchecked   مكتبة الاميرة بديعة مكتبة الاميرة بديعة الإعارة 12/07/2004 3760   338.956/محم 28/07/2025 12/07/2004 Books  
    Dewey Decimal Classification Unchecked   مكتبة الجويدة مكتبة الجويدة الإعارة 12/07/2004 3762   338.956/محم 28/07/2025 12/07/2004 Books  
    Dewey Decimal Classification     مكتبة وادي السير العامة مكتبة وادي السير العامة الإعارة 19/03/2016 [4212]   338.956/محم 28/07/2025 19/03/2016 Books PLD00380906
Implemented & Customized by: BBB with SCIT (Smart Chains for Information Technology)

Powered by Koha